| 000 | 00383nam a2200121Ia 4500 | ||
|---|---|---|---|
| 008 | 250110s9999 xx 000 0 und d | ||
| 041 | _aeng | ||
| 100 |
_aJacob Preethy _9182674 |
||
| 245 | _aLandscape Development For Msw Dump Site At Perungudi In Pallikkarani Wetlands | ||
| 260 |
_bM Arch Landscape, Pune _c2014 |
||
| 300 | _a72p | ||
| 700 |
_aGuide Name:Kamalapurkar Subhada _9210349 |
||
| 999 |
_c363541 _d363541 |
||